000 002650000a22000970004500
100 1 _aHorn, Friederich W.
245 1 0 _aPaulus, das nasiräat und die nasiräer
300 _aVol. 39, Num. 2 (Abril, 1997), Páginas 117-137
773 0 _tNovum Testamentum
942 _cANA
999 _c56971
_d56971